<?xml version="1.0" encoding="UTF-8"?>
<record
    xmlns:xsi="http://www.w3.org/2001/XMLSchema-instance"
    xsi:schemaLocation="http://www.loc.gov/MARC21/slim http://www.loc.gov/standards/marcxml/schema/MARC21slim.xsd"
    xmlns="http://www.loc.gov/MARC21/slim">

  <leader>00871cam a22003017a 4500</leader>
  <datafield tag="999" ind1=" " ind2=" ">
    <subfield code="c">29427</subfield>
    <subfield code="d">29427</subfield>
  </datafield>
  <controlfield tag="001">1651058</controlfield>
  <controlfield tag="003">OSt</controlfield>
  <controlfield tag="005">20171205200213.0</controlfield>
  <controlfield tag="008">970213s1996    ke            000 0 swa  </controlfield>
  <datafield tag="010" ind1=" " ind2=" ">
    <subfield code="a">   96982314 </subfield>
  </datafield>
  <datafield tag="020" ind1=" " ind2=" ">
    <subfield code="a">9966468137</subfield>
  </datafield>
  <datafield tag="020" ind1=" " ind2=" ">
    <subfield code="a">9966467297</subfield>
  </datafield>
  <datafield tag="040" ind1=" " ind2=" ">
    <subfield code="a">DLC</subfield>
    <subfield code="c">DLC</subfield>
    <subfield code="d">DLC</subfield>
  </datafield>
  <datafield tag="042" ind1=" " ind2=" ">
    <subfield code="a">lcode</subfield>
  </datafield>
  <datafield tag="050" ind1="0" ind2="0">
    <subfield code="a">MLCS 96/01451 (P)</subfield>
  </datafield>
  <datafield tag="100" ind1="1" ind2=" ">
    <subfield code="a">Mbogo, E.</subfield>
    <subfield code="q">(Emanuel),</subfield>
    <subfield code="d">1947-</subfield>
  </datafield>
  <datafield tag="245" ind1="1" ind2="0">
    <subfield code="a">Vipuli vya figo /</subfield>
    <subfield code="c">Emmanuel Mbogo.</subfield>
  </datafield>
  <datafield tag="250" ind1=" " ind2=" ">
    <subfield code="a">Toleo la 1.</subfield>
  </datafield>
  <datafield tag="260" ind1=" " ind2=" ">
    <subfield code="a">Nairobi :</subfield>
    <subfield code="b">East African Educational Publishers,</subfield>
    <subfield code="c">1996.</subfield>
  </datafield>
  <datafield tag="300" ind1=" " ind2=" ">
    <subfield code="a">262 p. ;</subfield>
    <subfield code="c">18 cm.</subfield>
  </datafield>
  <datafield tag="440" ind1=" " ind2="0">
    <subfield code="a">Waandishi wa Kiafrika ;</subfield>
    <subfield code="v">S39</subfield>
  </datafield>
  <datafield tag="520" ind1=" " ind2=" ">
    <subfield code="a">A novel.</subfield>
  </datafield>
  <datafield tag="546" ind1=" " ind2=" ">
    <subfield code="a">In Swahili.</subfield>
  </datafield>
  <datafield tag="906" ind1=" " ind2=" ">
    <subfield code="a">7</subfield>
    <subfield code="b">cbc</subfield>
    <subfield code="c">origode</subfield>
    <subfield code="d">u</subfield>
    <subfield code="e">ncip</subfield>
    <subfield code="f">19</subfield>
    <subfield code="g">y-gencatlg</subfield>
  </datafield>
  <datafield tag="942" ind1=" " ind2=" ">
    <subfield code="2">lcc</subfield>
    <subfield code="c">AFRICANA</subfield>
    <subfield code="h">PL 8704 .M378 2014</subfield>
  </datafield>
  <datafield tag="952" ind1=" " ind2=" ">
    <subfield code="0">0</subfield>
    <subfield code="1">0</subfield>
    <subfield code="2">lcc</subfield>
    <subfield code="4">0</subfield>
    <subfield code="7">0</subfield>
    <subfield code="a">MUC</subfield>
    <subfield code="b">MUC</subfield>
    <subfield code="c">AFR</subfield>
    <subfield code="d">2017-12-05</subfield>
    <subfield code="e">PURCHASE (TEXTBOOK)</subfield>
    <subfield code="g">575.00</subfield>
    <subfield code="l">3</subfield>
    <subfield code="o">PL 8704 .M378 2014</subfield>
    <subfield code="p">37884</subfield>
    <subfield code="r">2023-10-09</subfield>
    <subfield code="s">2023-10-09</subfield>
    <subfield code="w">2017-12-05</subfield>
    <subfield code="y">AFRICANA</subfield>
  </datafield>
  <datafield tag="952" ind1=" " ind2=" ">
    <subfield code="0">0</subfield>
    <subfield code="1">0</subfield>
    <subfield code="2">lcc</subfield>
    <subfield code="4">0</subfield>
    <subfield code="7">0</subfield>
    <subfield code="a">MUC</subfield>
    <subfield code="b">MUC</subfield>
    <subfield code="c">AFR</subfield>
    <subfield code="d">2017-12-05</subfield>
    <subfield code="e">PURCHASE (TEXTBOOK)</subfield>
    <subfield code="g">575.00</subfield>
    <subfield code="l">1</subfield>
    <subfield code="o">PL 8704 .M378 2014</subfield>
    <subfield code="p">37885</subfield>
    <subfield code="r">2023-04-03</subfield>
    <subfield code="s">2023-04-03</subfield>
    <subfield code="w">2017-12-05</subfield>
    <subfield code="y">AFRICANA</subfield>
  </datafield>
  <datafield tag="952" ind1=" " ind2=" ">
    <subfield code="0">0</subfield>
    <subfield code="1">0</subfield>
    <subfield code="2">lcc</subfield>
    <subfield code="4">0</subfield>
    <subfield code="7">0</subfield>
    <subfield code="a">MUC</subfield>
    <subfield code="b">MUC</subfield>
    <subfield code="c">AFR</subfield>
    <subfield code="d">2017-12-05</subfield>
    <subfield code="e">PURCHASE (TEXTBOOK)</subfield>
    <subfield code="g">575.00</subfield>
    <subfield code="l">1</subfield>
    <subfield code="o">PL 8704 .M378 2014</subfield>
    <subfield code="p">37886</subfield>
    <subfield code="r">2023-09-11</subfield>
    <subfield code="s">2023-09-11</subfield>
    <subfield code="w">2017-12-05</subfield>
    <subfield code="y">AFRICANA</subfield>
  </datafield>
  <datafield tag="952" ind1=" " ind2=" ">
    <subfield code="0">0</subfield>
    <subfield code="1">0</subfield>
    <subfield code="2">lcc</subfield>
    <subfield code="4">0</subfield>
    <subfield code="7">0</subfield>
    <subfield code="a">MUC</subfield>
    <subfield code="b">MUC</subfield>
    <subfield code="c">AFR</subfield>
    <subfield code="d">2017-12-05</subfield>
    <subfield code="e">PURCHASE (TEXTBOOK)</subfield>
    <subfield code="g">575.00</subfield>
    <subfield code="l">0</subfield>
    <subfield code="o">PL 8704 .M378 2014</subfield>
    <subfield code="p">37887</subfield>
    <subfield code="r">2017-12-05</subfield>
    <subfield code="w">2017-12-05</subfield>
    <subfield code="y">AFRICANA</subfield>
  </datafield>
  <datafield tag="952" ind1=" " ind2=" ">
    <subfield code="0">0</subfield>
    <subfield code="1">0</subfield>
    <subfield code="2">lcc</subfield>
    <subfield code="4">0</subfield>
    <subfield code="7">0</subfield>
    <subfield code="a">MUC</subfield>
    <subfield code="b">MUC</subfield>
    <subfield code="c">AFR</subfield>
    <subfield code="d">2017-12-05</subfield>
    <subfield code="e">PURCHASE (TEXTBOOK)</subfield>
    <subfield code="g">575.00</subfield>
    <subfield code="l">0</subfield>
    <subfield code="o">PL 8704 .M378 2014</subfield>
    <subfield code="p">37888</subfield>
    <subfield code="r">2023-07-29</subfield>
    <subfield code="w">2017-12-05</subfield>
    <subfield code="y">AFRICANA</subfield>
  </datafield>
</record>
